Analýza vybraných trendov vo vývoji energetického sektora v Latinskej Amerike diplomová práca

Na minha lista:
Detalhes bibliográficos
Autor principal: Šimurdová, Katarína
Autor Corporativo: Fakulta medzinárodných vzťahov EU. Katedra medzinárodných ekonomických vzťahov a hospodárskej diplomacie
Outros Autores: Csabay, Marek
Formato: Livro
Idioma:eslovaco
Publicado em: Bratislava 2012
Tags: Adicionar Tag
Sem tags, seja o primeiro a adicionar uma tag!

MARC

LEADER 00000nbm a2200000 4500
001 0152297
005 20161109102026.1
041 0 |a slo 
044 |a SK 
245 1 0 |a Analýza vybraných trendov vo vývoji energetického sektora v Latinskej Amerike  |b diplomová práca  |c Katarína Šimurdová ; školiteľ: Marek Csabay 
264 1 |a Bratislava  |c 2012 
300 |a 88 s. 
100 1 |a Šimurdová, Katarína 
700 1 |a Csabay, Marek 
710 2 |a Fakulta medzinárodných vzťahov EU. Katedra medzinárodných ekonomických vzťahov a hospodárskej diplomacie